000 01294nam a2200301 i 4500
001 184529
003 ES-MaACL
005 20250829062536.0
008 151016s2006 sp |||| | spa d
020 _a84-362-5256-X
080 _a930.85(100):297:001.891(063)
080 _a930.85(4:5)(063)
111 2 _aJornada sobre "Orientalismo, Ayer y Hoy" (
_n1ª.
_d2005.
_cMadrid)
_9157913
245 1 0 _aActas de la Jornada sobre "Orientalismo, Ayer y Hoy"
_b: (entrecruce de percepciones) : (Madrid, 12 de marzo de 2005) /
_cVíctor Morales Lezcano, coordinación, edición de textos y debates ; con la colaboración de P. Martínez Montávez ... [et al.].
250 _a1ª ed.
260 _aMadrid :
_bUniversidad Nacional de Educación a Distancia,
_c2006.
300 _a155 p. ;
_c24 cm.
490 1 _aActas y congresos
504 _aReferencias bibliográficas.
650 0 7 _aCivilización musulmana-
_vCongresos y asambleas.
_911100
650 7 _aOriente y Occidente-
_vCongresos y asambleas.
_9157914
700 1 _aMorales Lezcano, Víctor.
_983046
700 1 _aMartínez Montávez, Pedro.
_978252
710 2 _aUniversidad Nacional de Educación a Distancia (España)
_97405
830 0 _aActas y congresos
_9188073
852 _aES-MaACL
_jN-6581
999 _c184529
_d184529